Generation impact : international perspectives on impact accounting /

Bibliographic Details
Other Authors: Richards, Adam, (Editor), Nicholls, Jeremy, (Editor)
Format: eBook
Language:English
Published: Bingley, UK : Emerald Publishing Limited, [2021]
Subjects:
Online Access:Click to View
LEADER 01628nam a2200397 i 4500
001 EBC6449900
003 MiAaPQ
005 20210609070936.0
006 m o d |
007 cr cnu||||||||
008 210609s2021 enk o 000 0 eng d
020 |z 9781789739305  |q (print) 
020 |z 9781789739299  |q (electronic bk.) 
035 |a (MiAaPQ)EBC6449900 
035 |a (Au-PeEL)EBL6449900 
035 |a (OCoLC)1229931352 
040 |a MiAaPQ  |b eng  |e rda  |e pn  |c MiAaPQ  |d MiAaPQ 
050 4 |a HD60  |b .G464 2021 
082 0 |a 304.2  |2 23 
245 0 0 |a Generation impact :  |b international perspectives on impact accounting /  |c edited by Adam Richards, Jeremy Nicholls. 
264 1 |a Bingley, UK :  |b Emerald Publishing Limited,  |c [2021] 
264 4 |c 2021 
300 |a 1 online resource (313 pages) 
336 |a text  |b txt  |2 rdacontent 
337 |a computer  |b c  |2 rdamedia 
338 |a online resource  |b cr  |2 rdacarrier 
588 |a Description based on print version record. 
590 |a Electronic reproduction. Ann Arbor, MI : ProQuest, 2018. Available via World Wide Web. Access may be limited to ProQuest affiliated libraries. 
650 0 |a Social accounting. 
650 0 |a Environmental auditing. 
655 4 |a Electronic books. 
700 1 |a Richards, Adam,  |e editor. 
700 1 |a Nicholls, Jeremy,  |e editor. 
776 0 8 |i Print version:  |t Generation impact : international perspectives on impact accounting.  |d Bingley, UK : Emerald Publishing Limited, c2021   |h 313 pages   |z 9781789739305 
797 2 |a ProQuest (Firm) 
856 4 0 |u https://ebookcentral.proquest.com/lib/matrademy/detail.action?docID=6449900  |z Click to View